<?xml version="1.0" encoding="UTF-8"?>
<record
    xmlns:xsi="http://www.w3.org/2001/XMLSchema-instance"
    xsi:schemaLocation="http://www.loc.gov/MARC21/slim http://www.loc.gov/standards/marcxml/schema/MARC21slim.xsd"
    xmlns="http://www.loc.gov/MARC21/slim">

  <leader>01227nab a2200217uuc4500</leader>
  <controlfield tag="001">1153351</controlfield>
  <controlfield tag="005">20240229090002.0</controlfield>
  <controlfield tag="008">090709m01uu2009                    spa  </controlfield>
  <datafield tag="035" ind1=" " ind2=" ">
    <subfield code="a">1153351</subfield>
  </datafield>
  <datafield tag="035" ind1=" " ind2=" ">
    <subfield code="a">(OCoLC)820485512</subfield>
  </datafield>
  <datafield tag="040" ind1=" " ind2=" ">
    <subfield code="c">comduadb</subfield>
  </datafield>
  <datafield tag="041" ind1=" " ind2=" ">
    <subfield code="a">spa</subfield>
  </datafield>
  <datafield tag="100" ind1="1" ind2="0">
    <subfield code="a">Mench&#xE9;n Bell&#xF3;n, Francisco</subfield>
    <subfield code="4">aut</subfield>
    <subfield code="e">aut</subfield>
    <subfield code="9">552418</subfield>
  </datafield>
  <datafield tag="245" ind1="1" ind2="3">
    <subfield code="a">El maestro creativo : nuevas competencias.</subfield>
  </datafield>
  <datafield tag="520" ind1="3" ind2=" ">
    <subfield code="a">Los escenarios de la sociedad del futuro est&#xE1;n sufriendo continuos cambios y los maestros tambi&#xE9;n est&#xE1;n afectados por esta tendencia universal. Las competencias del docente han cambiado, no basta con ser maestro, hay que ser adem&#xE1;s creativo. El siglo XXI necesita maestros creativos que sepan sacar de sus alumnos todo el potencial interior que poseen. Para ello las nuevas funciones que presento pretenden, de forma sint&#xE9;tica, que el docente est&#xE9; dispuesto a reinventar y a reaprender con sus alumnos y a modificar el concepto de &#xE9;xito en la clase.</subfield>
  </datafield>
  <datafield tag="650" ind1=" " ind2=" ">
    <subfield code="a">Competencias del docente</subfield>
    <subfield code="9">167069</subfield>
  </datafield>
  <datafield tag="650" ind1=" " ind2=" ">
    <subfield code="a">Creatividad del docente</subfield>
    <subfield code="9">66667</subfield>
  </datafield>
  <datafield tag="650" ind1=" " ind2="7">
    <subfield code="a">Innovaciones educativas</subfield>
    <subfield code="2">lemb</subfield>
    <subfield code="9">39728</subfield>
  </datafield>
  <datafield tag="773" ind1="0" ind2=" ">
    <subfield code="t">Tendencias Pedag&#xF3;gicas</subfield>
    <subfield code="g">N&#xFA;mero 14, de 2009, p. 279-289</subfield>
    <subfield code="w">1152776</subfield>
    <subfield code="x">1133-2654</subfield>
    <subfield code="0">520343</subfield>
  </datafield>
  <datafield tag="942" ind1=" " ind2=" ">
    <subfield code="c">ARIMP</subfield>
  </datafield>
  <datafield tag="999" ind1=" " ind2=" ">
    <subfield code="c">520715</subfield>
    <subfield code="d">520715</subfield>
  </datafield>
</record>
